Notes to Basquiat: Modern Art/ (Record no. 4412)

MARC details
000 -LEADER
campo de control de longitud fija 00611nam a22001937a 4500
003 - IDENTIFICADOR DE NÚMERO DE CONTROL
campo de control OSt
005 - FECHA Y HORA DE LA ÚLTIMA TRANSACCIÓN
campo de control 20230928101408.0
008 - DATOS DE LONGITUD FIJA--INFORMACIÓN GENERAL
campo de control de longitud fija 230928b |||||||| |||| 00| 0 eng d
040 ## - FUENTE DE CATALOGACIÓN
Centro/agencia transcriptor LadoV
082 ## - NÚMERO DE LA CLASIFICACIÓN DECIMAL DEWEY
Número de clasificación 751.45
Número de ítem B471n
100 ## - ENTRADA PRINCIPAL--NOMBRE DE PERSONA
Nombre de persona Bennett, Gordon
Término indicativo de función/relación autor
9 (RLIN) 1117
245 ## - MENCIÓN DEL TÍTULO
Título Notes to Basquiat: Modern Art/
260 ## - PUBLICACIÓN, DISTRIBUCIÓN, ETC.
Fecha de publicación, distribución, etc. 2001
Lugar de publicación, distribución, etc. Sherman Galleries
Nombre del editor, distribuidor, etc. Australia
300 ## - DESCRIPCIÓN FÍSICA
Extensión 5 p.
Dimensiones 21x30cm
650 ## - PUNTO DE ACCESO ADICIONAL DE MATERIA--TÉRMINO DE MATERIA
Fuente del encabezamiento o término Tesauro de Arte & Arquitectura
Término de materia o nombre geográfico como elemento de entrada ARTE
650 ## - PUNTO DE ACCESO ADICIONAL DE MATERIA--TÉRMINO DE MATERIA
Fuente del encabezamiento o término Tesauro de Arte & Arquitectura
Término de materia o nombre geográfico como elemento de entrada PINTURA
650 ## - PUNTO DE ACCESO ADICIONAL DE MATERIA--TÉRMINO DE MATERIA
Fuente del encabezamiento o término Tesauro de Arte & Arquitectura
Término de materia o nombre geográfico como elemento de entrada ACRÍLICO
942 ## - ELEMENTOS DE ENTRADA SECUNDARIOS (KOHA)
Fuente del sistema de clasificación o colocación Clasificación Decimal Dewey
Tipo de ítem Koha Libros
Parte de la signatura que corresponde a la clasificación (Parte de la clasificación) 751.45
Parte de la signatura que identifica el ejemplar (Parte del ítem) B471n
Suprimir en OPAC No
Holdings
Estatus retirado Estado de pérdida Fuente del sistema de clasificación o colocación Especificación de materiales (volumen encuadernado u otra parte) Estado de daño No para préstamo Colección Biblioteca de origen Biblioteca actual Fecha de adquisición Número de inventario Total de préstamos Signatura topográfica completa Código de barras Visto por última vez Precio de reemplazo Tipo de ítem Koha
    Clasificación Decimal Dewey 2001     Libros Biblioteca LadoV Biblioteca LadoV 28/09/2023 002075   751.45 B471n 002075 28/09/2023 28/09/2023 Libros